[Event "Guernsey Open"]
[Site "Guernsey GCI"]
[Date "2008.10.19"]
[Round "1"]
[White "Burton, Ronnie"]
[Black "Brookfield, Toby"]
[Result "1-0"]
[WhiteElo "2052"]
[BlackElo "1763"]
[PlyCount "61"]
[EventDate "2008.10.19"]
[SourceDate "2006.10.28"]

1. d4 f5 2. g3 Nf6 3. Bg2 e6 4. Nf3 Be7 5. O-O d6 6. c4 O-O 7. b4 Ne4 8. Bb2
Bf6 9. Qb3 Qe8 10. Nc3 Nc6 11. e3 Nxc3 12. Bxc3 e5 13. b5 Nd8 14. dxe5 dxe5 15.
Qb2 e4 16. Nd4 Qg6 17. Rfd1 Ne6 18. Nxe6 Bxe6 19. Bxf6 Rxf6 20. Qe2 Qf7 21. Rd4
Rf8 22. a4 g5 23. Rad1 f4 24. exf4 gxf4 25. Qxe4 fxg3 26. fxg3 Rf2 27. Rd8 Bxc4
28. Rxf8+ Kxf8 29. Rd8+ Kg7 30. Qd4+ Qf6 31. Rd7+ 1-0

[Event "Guernsey Open"]
[Site "Guernsey GCI"]
[Date "2008.10.19"]
[Round "1"]
[White "Reutimann, Hans Peter"]
[Black "Van Ingen, Ton"]
[Result "1/2-1/2"]
[WhiteElo "1761"]
[BlackElo "2051"]
[PlyCount "80"]
[EventDate "2008.10.19"]
[SourceDate "2006.10.28"]

1. d4 g6 2. Nf3 Bg7 3. Bf4 d6 4. e3 Nf6 5. h3 O-O 6. Nbd2 Nbd7 7. c3 Qe8 8. Bc4
e5 9. dxe5 dxe5 10. Bh2 c6 11. O-O h6 12. Qc2 Nd5 13. Rad1 N5b6 14. Be2 f5 15.
Nc4 Nxc4 16. Bxc4+ Kh8 17. Rd6 Nb6 18. Qb3 Nxc4 19. Qxc4 Kh7 20. Rfd1 Qe7 21.
a4 Re8 22. b4 Be6 23. Qc5 Bd5 24. b5 Rad8 25. Rxd8 Qxc5 26. Rxe8 Qxc3 27. Bxe5
Bxe5 28. Nxe5 Qc2 29. Rd4 Qc1+ 30. Kh2 Qf1 31. f3 Kg7 32. bxc6 bxc6 33. Rb4 Kf6
34. Rb7 Qf2 35. Rxa7 h5 36. Rb7 h4 37. Rb1 Qa2 38. Rb4 Qf2 39. Rb1 Qa2 40. Rb4
Qf2 1/2-1/2

[Event "Guernsey Open"]
[Site "Guernsey GCI"]
[Date "2008.10.19"]
[Round "1"]
[White "Van de Griendt, Monique"]
[Black "Bridel, Jon R"]
[Result "1-0"]
[WhiteElo "2049"]
[BlackElo "1482"]
[PlyCount "69"]
[EventDate "2008.10.19"]
[SourceDate "2006.10.28"]

1. c4 b6 2. Nc3 Bb7 3. e4 e6 4. d4 Bb4 5. Qc2 Bxc3+ 6. bxc3 d6 7. a4 h6 8. Bd3
Nd7 9. Ne2 e5 10. O-O Ngf6 11. Ng3 g6 12. f4 a5 13. Rb1 Qe7 14. Qf2 O-O-O 15.
fxe5 dxe5 16. Qe2 Rde8 17. c5 exd4 18. cxd4 Nxe4 19. Nxe4 Bxe4 20. Bf4 Bxd3 21.
Qxd3 Qe4 22. Qa6+ Qb7 23. Qc4 Qc6 24. Rfc1 Re7 25. Qa6+ Qb7 26. Qxb7+ Kxb7 27.
c6+ Kc8 28. cxd7+ Rxd7 29. Rxb6 Re8 30. Ra6 Re6 31. Rxa5 Rde7 32. Rac5 Re1+ 33.
Rxe1 Rxe1+ 34. Kf2 Re7 35. Bxh6 1-0

[Event "Guernsey Open"]
[Site "Guernsey GCI"]
[Date "2008.10.20"]
[Round "2"]
[White "Spice, Alan"]
[Black "Spraggett, Kevin"]
[Result "1/2-1/2"]
[WhiteElo "2173"]
[BlackElo "2597"]
[PlyCount "74"]
[EventDate "2008.10.19"]
[SourceDate "2006.10.28"]

1. Nc3 c5 2. Nf3 e6 3. d4 cxd4 4. Nxd4 a6 5. g3 d6 6. Bg2 Nf6 7. O-O Be7 8. a4
Qc7 9. Nb3 Bd7 10. a5 Bc6 11. e4 e5 12. Re1 Nbd7 13. Qe2 O-O 14. Be3 Rac8 15.
Red1 Rfe8 16. Rd2 Bf8 17. Bh3 h6 18. f3 g6 19. Qf2 Rb8 20. Ba7 Ra8 21. Be3 Reb8
22. Ba7 Re8 23. Be3 Nh7 24. Nd5 Bxd5 25. Rxd5 Ng5 26. Bxg5 hxg5 27. Bxd7 Qxd7
28. Nc5 Qe7 29. Nd3 Rac8 30. Nb4 Qe6 31. g4 Be7 32. Kg2 f5 33. h3 Rc4 34. Qe1
Rec8 35. c3 Rf8 36. Qe2 Rc7 37. Rd2 Rd7 1/2-1/2

[Event "Guernsey Open"]
[Site "Guernsey GCI"]
[Date "2008.10.20"]
[Round "2"]
[White "Hillarp Persson, Tiger"]
[Black "Havenaar, Jan"]
[Result "1-0"]
[WhiteElo "2543"]
[BlackElo "2170"]
[PlyCount "99"]
[EventDate "2008.10.19"]
[SourceDate "2006.10.28"]

1. d4 e6 2. e4 d5 3. Nc3 Bb4 4. e5 c5 5. a3 Bxc3+ 6. bxc3 Qc7 7. Qg4 Ne7 8.
Qxg7 Rg8 9. Qxh7 cxd4 10. Ne2 dxc3 11. f4 Nbc6 12. Qd3 Bd7 13. Nxc3 O-O-O 14.
Rb1 Na5 15. Nb5 Bxb5 16. Rxb5 a6 17. Rb1 Nf5 18. g3 Nc4 19. Bh3 Ne7 20. Qd4
Qa5+ 21. Bd2 Nxd2 22. Qxd2 Qxa3 23. O-O Qc5+ 24. Kh1 Rh8 25. Rf3 Kb8 26. Rc3
Qa7 27. Bg2 Rc8 28. Rcb3 Rc7 29. c4 Rd8 30. cxd5 Nxd5 31. h4 Qc5 32. Kh2 Rdd7
33. Kh3 Nc3 34. Qc2 Qe3 35. Qh7 b5 36. Ra1 Qb6 37. Rba3 Nd1 38. Qg8+ Rc8 39.
Qg5 Qg1 40. Rxd1 Rxd1 41. Rxa6 Ra1 42. Rxa1 Qxa1 43. Qf6 Qa7 44. f5 Qd7 45. h5
b4 46. h6 b3 47. h7 Qd8 48. fxe6 Qxf6 49. exf6 fxe6 50. Be4 $138 {Time} 1-0

[Event "Guernsey Open"]
[Site "Guernsey GCI"]
[Date "2008.10.20"]
[Round "2"]
[White "Heppell, Ian N"]
[Black "Kurajica, Bojan"]
[Result "0-1"]
[WhiteElo "2168"]
[BlackElo "2540"]
[PlyCount "124"]
[EventDate "2008.10.19"]
[SourceDate "2006.10.28"]

1. e4 c5 2. Nf3 Nc6 3. c3 d5 4. exd5 Qxd5 5. d4 Nf6 6. Be2 cxd4 7. cxd4 Be6 8.
Nc3 Qa5 9. O-O Rd8 10. Be3 g6 11. Ng5 Bd5 12. Nxd5 Nxd5 13. Qb3 Qb6 14. Qxb6
axb6 15. Rad1 Bg7 16. Bc4 O-O 17. Nf3 Rd6 18. Bxd5 Rxd5 19. Rd2 Ra8 20. a3 b5
21. Rfd1 b4 22. axb4 Nxb4 23. Kf1 Rc8 24. Ke2 Rb5 25. Ne1 f5 26. g3 Kf7 27. h4
Nc6 28. Nf3 Na5 29. Rb1 h6 30. Ne1 Rc6 31. Rc2 Rb3 32. Rbc1 Rd6 33. Nf3 Nc6 34.
Rd1 Rd5 35. Rcd2 Na5 36. Rc2 Rdb5 37. Rb1 Ke6 38. Nd2 R3b4 39. Kd3 Nc6 40. Nf3
Rb3+ 41. Ke2 Kd5 42. Rd2 Ke6 43. Rc2 Nb4 44. Rc3 Rxc3 45. bxc3 Na2 46. Rxb5
Nxc3+ 47. Kd3 Nxb5 48. Kc4 Nc7 49. Bf4 Nd5 50. Be5 Bf6 51. Kc5 g5 52. hxg5 hxg5
53. Bxf6 exf6 54. Nd2 Nc3 55. f3 g4 56. Kc4 Ne2 57. d5+ Kd7 58. fxg4 fxg4 59.
Ne4 f5 60. Nc5+ Kc7 61. Ne6+ Kd6 62. Nc5 b5+ 0-1

[Event "Guernsey Open"]
[Site "Guernsey GCI"]
[Date "2008.10.20"]
[Round "2"]
[White "Taylor, Mark V"]
[Black "Bisby, Daniel L"]
[Result "1-0"]
[WhiteElo "2146"]
[BlackElo "2287"]
[PlyCount "121"]
[EventDate "2008.10.19"]
[SourceDate "2006.10.28"]

1. d4 Nf6 2. c4 g6 3. Nc3 Bg7 4. e4 d6 5. Nf3 O-O 6. Be2 e5 7. O-O Nc6 8. d5
Ne7 9. b4 Ne8 10. a4 f5 11. Nd2 Nf6 12. f3 f4 13. c5 g5 14. Nc4 Ng6 15. a5 h5
16. cxd6 cxd6 17. Nb5 Ne8 18. Bd2 Qe7 19. Rc1 Bd7 20. Nca3 a6 21. Nc7 Nf6 22.
Nxa8 Rxa8 23. Nc4 g4 24. Be1 g3 25. Nb6 Rd8 26. Rc7 Ne8 27. Rxd7 Rxd7 28. Nxd7
gxh2+ 29. Kxh2 Qxd7 30. Rh1 h4 31. Kg1 Bf6 32. Qb3 Nc7 33. Bf2 Bd8 34. Kf1 Nb5
35. Qa4 b6 36. axb6 Qc8 37. Bxb5 Qc1+ 38. Be1 Bxb6 39. Be2 Be3 40. Qd1 Qb2 41.
Bxa6 Bd4 42. Bd3 Kg7 43. Qc2 Qa1 44. Ke2 Bb6 45. Rf1 h3 46. gxh3 Qa3 47. Bc3
Qa7 48. Ra1 Qe7 49. Be1 Qg5 50. Kd1 Qg1 51. Qe2 Nh4 52. Kc2 Ng2 53. Bc3 Ne3+
54. Kb3 Qg5 55. Ra6 Bd4 56. Bxd4 exd4 57. Rxd6 Qg1 58. Qb2 Qd1+ 59. Bc2 Qd2 60.
Rc6 Nf1 61. Rc4 1-0

[Event "Guernsey Open"]
[Site "Guernsey GCI"]
[Date "2008.10.20"]
[Round "2"]
[White "Kett, Timothy"]
[Black "Wismayer, Clive R"]
[Result "0-1"]
[WhiteElo "2272"]
[BlackElo "2111"]
[PlyCount "38"]
[EventDate "2008.10.19"]
[SourceDate "2006.10.28"]

1. e4 e6 2. d4 d5 3. Nc3 dxe4 4. Nxe4 Bd7 5. Nf3 Bc6 6. Bd3 Nd7 7. O-O Ngf6 8.
Ng3 Be7 9. Re1 O-O 10. Ne5 Nxe5 11. dxe5 Qd5 12. f3 Bc5+ 13. Kh1 Ng4 14. Bxh7+
Kxh7 15. Qxd5 Nf2+ 16. Kg1 Nh3+ 17. Kh1 Bxd5 18. Be3 Bxe3 19. Rxe3 Nf4 0-1

[Event "Guernsey Open"]
[Site "Guernsey GCI"]
[Date "2008.10.20"]
[Round "2"]
[White "Minnican, Alan William"]
[Black "Wallace, Paul Anthony"]
[Result "1/2-1/2"]
[WhiteElo "2086"]
[BlackElo "2259"]
[PlyCount "50"]
[EventDate "2008.10.19"]
[SourceDate "2006.10.28"]

1. Nf3 Nf6 2. g3 g6 3. b3 Bg7 4. Bb2 O-O 5. Bg2 c5 6. c4 Nc6 7. O-O d6 8. d4
Ne4 9. Nbd2 Bf5 10. e3 Qa5 11. Nxe4 Bxe4 12. Qe1 Qxe1 13. Rfxe1 a5 14. Re2 a4
15. dxc5 dxc5 16. Bxg7 Kxg7 17. Rb2 a3 18. Re2 Rfd8 19. Ne1 Bxg2 20. Kxg2 Rd6
21. Nc2 b6 22. Kf1 Nb4 23. Ke1 Kf6 24. Nxb4 {(=)} cxb4 25. Rd1 Rxd1+ 1/2-1/2

[Event "Guernsey Open"]
[Site "Guernsey GCI"]
[Date "2008.10.20"]
[Round "2"]
[White "Rowe, Peter"]
[Black "Timmermans, Ivo"]
[Result "0-1"]
[WhiteElo "2053"]
[BlackElo "2226"]
[PlyCount "94"]
[EventDate "2008.10.19"]
[SourceDate "2006.10.28"]

1. d4 d5 2. Nf3 e6 3. Bf4 Bd6 4. Bg3 f5 5. e3 Nf6 6. Nbd2 O-O 7. Bxd6 Qxd6 8.
Be2 Nc6 9. O-O Bd7 10. c4 Be8 11. c5 Qe7 12. Bb5 Nd8 13. Bxe8 Qxe8 14. Ne5 Nf7
15. Ndf3 Nd7 16. Nxf7 Qxf7 17. Qc2 c6 18. b4 Qe7 19. a4 g5 20. Qd2 f4 21. exf4
Rxf4 22. Rae1 Raf8 23. Qe3 g4 24. Ne5 Nxe5 25. Qxe5 Qf6 26. Qxe6+ Qxe6 27. Rxe6
Rxd4 28. b5 Rxa4 29. bxc6 Ra6 30. Rd6 Rxc6 31. Rxd5 {(=)} Rfc8 32. Rg5+ Kf7 33.
Rxg4 Rxc5 34. Rh4 Kg6 35. Rb4 b5 36. f4 a5 37. f5+ Kf6 38. Rh4 R8c7 39. Rh6+
Kg7 40. Rh5 b4 41. f6+ Kf8 42. Rff5 Rxf5 43. Rxf5 b3 44. Rb5 a4 45. Kf2 Ra7 46.
Ke3 a3 47. f7 a2 0-1

[Event "Guernsey Open"]
[Site "Guernsey GCI"]
[Date "2008.10.20"]
[Round "2"]
[White "Goater, Kevin P"]
[Black "Hamperl, Fred A"]
[Result "0-1"]
[WhiteElo "2205"]
[BlackElo "2076"]
[PlyCount "124"]
[EventDate "2008.10.19"]
[SourceDate "2006.10.28"]

1. Nf3 c5 2. b3 Nc6 3. Bb2 Nf6 4. e3 d6 5. d3 e5 6. Nbd2 Be7 7. g3 O-O 8. Bg2
Bd7 9. h3 Rc8 10. O-O b5 11. a4 a6 12. Re1 Qc7 13. axb5 axb5 14. Nh2 d5 15. Ng4
Nxg4 16. hxg4 d4 17. Be4 f5 18. gxf5 Bxf5 19. Bd5+ Kh8 20. e4 Bd7 21. Bxc6 Qxc6
22. Kg2 Bg5 23. Bc1 Qf6 24. f3 Ra8 25. Rb1 Ra2 26. Rf1 Qg6 27. Rh1 Bf4 28. Nf1
Bg5 29. Bxg5 Qxg5 30. Ra1 Rfa8 31. Rxa2 Rxa2 32. Qb1 Ra6 33. Qe1 Be6 34. Rh4
Ra2 35. Qb1 Ra8 36. f4 exf4 37. Rxf4 Qh5 38. Kf2 Qh1 39. Ke2 Qg2+ 40. Rf2 Bg4+
41. Ke1 Qh1 42. Rh2 Qg1 43. Rf2 Bh3 44. Ke2 Bg4+ 45. Ke1 Kg8 46. Rf4 Bh3 47.
Qc1 Bxf1 48. Rxf1 Qxg3+ 49. Ke2 Ra2 50. Qb1 Qe3+ 51. Kd1 Ra8 52. Re1 Qf2 53. e5
Re8 54. Qa2 Qf3+ 55. Kc1 Ra8 56. Qb2 Qg3 57. Kd1 Ra6 58. b4 Qf3+ 59. Kc1 Qd5
60. bxc5 Qxc5 61. Qb3+ Kh8 62. e6 Ra1+ 0-1

[Event "Guernsey Open"]
[Site "Guernsey GCI"]
[Date "2008.10.20"]
[Round "2"]
[White "Burrows, Martin P"]
[Black "Van de Griendt, Monique"]
[Result "1-0"]
[WhiteElo "2196"]
[BlackElo "2049"]
[PlyCount "45"]
[EventDate "2008.10.19"]
[SourceDate "2006.10.28"]

1. e4 d5 2. exd5 Qxd5 3. Nc3 Qa5 4. d4 Nf6 5. Nf3 Bf5 6. Bc4 e6 7. Bd2 c6 8.
Qe2 Qd8 9. O-O-O Be7 10. h3 Nbd7 11. g4 Bg6 12. Ne5 Nxe5 13. dxe5 Nd5 14. f4
Qc7 15. Rhf1 b5 16. Bxd5 b4 17. Bb3 bxc3 18. Bxc3 h6 19. f5 exf5 20. gxf5 Bh7
21. f6 O-O 22. fxe7 Qxe7 23. Qg4 1-0

[Event "Guernsey Open"]
[Site "Guernsey GCI"]
[Date "2008.10.20"]
[Round "2"]
[White "Bellin, Robert"]
[Black "Brown, Tom"]
[Result "1/2-1/2"]
[WhiteElo "2405"]
[BlackElo "1966"]
[PlyCount "58"]
[EventDate "2008.10.19"]
[SourceDate "2006.10.28"]

1. d4 Nf6 2. Nf3 g6 3. Bg5 Bg7 4. Nbd2 O-O 5. c3 d6 6. e4 h6 7. Bxf6 Bxf6 8. e5
Bg7 9. Bc4 c6 10. Qe2 b5 11. Bb3 d5 12. Bc2 Be6 13. Nf1 Nd7 14. h4 Bg4 15. Ne3
Bxf3 16. Qxf3 e6 17. h5 g5 18. Qe2 Re8 19. Ng4 Qc7 20. O-O f6 21. exf6 Nxf6 22.
Ne5 Nd7 23. Rae1 Nxe5 24. dxe5 Rf8 25. g3 Qe7 26. Kg2 b4 27. c4 Qc5 28. Bd3 Qd4
29. b3 Rae8 1/2-1/2

[Event "Guernsey Open"]
[Site "Guernsey GCI"]
[Date "2008.10.20"]
[Round "2"]
[White "Burton, Ronnie"]
[Black "Reijneveld, Ad"]
[Result "0-1"]
[WhiteElo "2052"]
[BlackElo "2196"]
[PlyCount "86"]
[EventDate "2008.10.19"]
[SourceDate "2006.10.28"]

1. c4 Nf6 2. Nc3 Nc6 3. g3 g6 4. Bg2 Bg7 5. d3 O-O 6. e4 d6 7. h3 e5 8. Nge2
Nd7 9. O-O Nc5 10. Rb1 a5 11. Be3 Ne6 12. f4 exf4 13. gxf4 Ned4 14. Nxd4 Bxd4
15. Bxd4 Nxd4 16. Qd2 c6 17. Rbe1 Qh4 18. Qf2 Qxf2+ 19. Rxf2 Bd7 20. e5 dxe5
21. fxe5 Bf5 22. Ne4 Bxe4 23. Rxe4 {(=)} Rad8 24. Rd2 Rfe8 25. Kf2 Re7 26. Ke3
Red7 27. Bf1 c5 28. h4 Re7 29. Bh3 Rde8 30. Kf4 h6 31. Rg2 Kg7 32. a3 b6 33.
Rg3 a4 34. Rg4 Rb8 35. Re1 Rf8 36. Re4 f5 37. Re1 Rd8 38. Reg1 Re6 39. Re1 Kf7
40. Rg3 Nc6 41. Bf1 Rd7 42. Kf3 Rde7 43. Re3 Nxe5+ 0-1

[Event "Guernsey Open"]
[Site "Guernsey GCI"]
[Date "2008.10.20"]
[Round "2"]
[White "Spanton, Timothy"]
[Black "Jackson, Oliver A"]
[Result "1-0"]
[WhiteElo "1982"]
[BlackElo "2182"]
[PlyCount "93"]
[EventDate "2008.10.19"]
[SourceDate "2006.10.28"]

1. e4 c5 2. Nf3 e6 3. d3 Nc6 4. c3 d5 5. Qe2 g6 6. g3 Bg7 7. Bg2 Nge7 8. O-O
dxe4 9. dxe4 e5 10. Rd1 Qc7 11. Na3 a6 12. Nc4 O-O 13. a4 Be6 14. Be3 b6 15.
Ng5 Bxc4 16. Qxc4 h6 17. Nf3 Na5 18. Qe2 c4 19. Bh3 Rfd8 20. Rxd8+ Rxd8 21. Rd1
b5 22. axb5 axb5 23. Rxd8+ Qxd8 24. Qd2 Qa8 25. Bxh6 Nb3 26. Qd6 Bxh6 27. Qxe7
Qxe4 28. Nxe5 Bg7 29. Qxf7+ Kh8 30. Nd7 Qb1+ 31. Kg2 Qe4+ 32. Qf3 Qe7 33. Qe3
Qd6 34. Bg4 Bh6 35. f4 Bg7 36. Ne5 Nc5 37. Bf3 Na4 38. Qe2 Kg8 39. Nxc4 bxc4
40. Qxc4+ Kh7 41. Qxa4 Qd2+ 42. Kh3 Qxb2 43. c4 Qc1 44. Qb5 Qe3 45. Qd5 Bf8 46.
Be4 Qb6 47. f5 1-0

[Event "Guernsey Open"]
[Site "Guernsey GCI"]
[Date "2008.10.20"]
[Round "2"]
[White "Broek, Thomas"]
[Black "Kamps, JW."]
[Result "1-0"]
[WhiteElo "2229"]
[BlackElo "2039"]
[PlyCount "35"]
[EventDate "2008.10.19"]
[SourceDate "2006.10.28"]

1. e4 d6 2. d4 Nf6 3. Nc3 g6 4. Be2 Bg7 5. Be3 c6 6. Qd2 b5 7. e5 dxe5 8. dxe5
Qxd2+ 9. Bxd2 Ng4 10. Nxb5 Bxe5 11. h3 Nd7 12. Bf3 Bxb2 13. Nc7+ Kd8 14. Nxa8
Bxa1 15. Ba5+ Ke8 16. Nc7+ Kf8 17. Bxg4 f5 18. Be2 1-0

[Event "Guernsey Open"]
[Site "Guernsey GCI"]
[Date "2008.10.20"]
[Round "2"]
[White "Vickery, Jim"]
[Black "Hickman, John E"]
[Result "1/2-1/2"]
[WhiteElo "2113"]
[BlackElo "1989"]
[PlyCount "22"]
[EventDate "2008.10.19"]
[SourceDate "2006.10.28"]

1. d4 d6 2. Nf3 g6 3. e4 Nf6 4. Bd3 Bg7 5. O-O O-O 6. h3 Nc6 7. c3 e5 8. dxe5
Nxe5 9. Bc2 Re8 10. Nxe5 dxe5 11. Qxd8 Rxd8 1/2-1/2

[Event "Guernsey Open"]
[Site "Guernsey GCI"]
[Date "2008.10.20"]
[Round "2"]
[White "Collier, David O"]
[Black "Coenen, Albert"]
[Result "1-0"]
[WhiteElo "2089"]
[BlackElo "1918"]
[PlyCount "51"]
[EventDate "2008.10.19"]
[SourceDate "2006.10.28"]

1. d4 d5 2. c4 dxc4 3. Nf3 a6 4. a4 Nf6 5. e3 Bf5 6. Bxc4 e6 7. O-O Nc6 8. Qe2
Be7 9. Rd1 O-O 10. Nc3 Na5 11. Ba2 Ne4 12. Ne5 c6 13. f3 Nxc3 14. bxc3 Qc7 15.
e4 Bg6 16. Bf4 Bd6 17. Nxg6 hxg6 18. e5 Be7 19. c4 Rfd8 20. Rac1 Rd7 21. c5 Qd8
22. Be3 Qc7 23. f4 Bd8 24. g4 Qb8 25. f5 gxf5 26. gxf5 1-0

[Event "Guernsey Open"]
[Site "Guernsey GCI"]
[Date "2008.10.20"]
[Round "2"]
[White "Goris, Ton"]
[Black "Downey, Keith A"]
[Result "1/2-1/2"]
[WhiteElo "2077"]
[BlackElo "1887"]
[PlyCount "84"]
[EventDate "2008.10.19"]
[SourceDate "2006.10.28"]

1. e4 c5 2. c3 d5 3. exd5 Qxd5 4. d4 Nf6 5. Nf3 e6 6. Na3 cxd4 7. Nb5 Qd8 8.
Nbxd4 Be7 9. Bd3 O-O 10. O-O b6 11. Qe2 Bb7 12. Rd1 Qc8 13. Bg5 Nc6 14. Rd2 a6
15. Rad1 Re8 16. Bb1 Qc7 17. Nxc6 Qxc6 18. Rd4 Rad8 19. h3 Rxd4 20. Rxd4 Rd8
21. Bxf6 Bxf6 22. Rxd8+ Bxd8 23. Qd3 Bf6 24. Qxh7+ Kf8 25. Qd3 e5 26. Ne1 g6
27. Bc2 e4 28. Qe3 Kg7 29. f3 exf3 30. Nxf3 Qd6 31. Bb3 Qg3 32. Qe1 Qf4 33. Qd2
Qg3 34. Bd5 Bc8 35. Qe1 Qd6 36. Bb3 Bb7 37. Qe8 Bxf3 38. Qxf7+ Kh6 39. gxf3
Qg3+ 40. Kf1 Qxf3+ 41. Kg1 Qg3+ 42. Kf1 Qf3+ 1/2-1/2

[Event "Guernsey Open"]
[Site "Guernsey GCI"]
[Date "2008.10.20"]
[Round "2"]
[White "Westerkamp, Bert"]
[Black "Wagner, Ghislain"]
[Result "1/2-1/2"]
[WhiteElo "2070"]
[BlackElo "1862"]
[PlyCount "77"]
[EventDate "2008.10.19"]
[SourceDate "2006.10.28"]

1. Nf3 e6 2. c4 c5 3. Nc3 b6 4. g3 Bb7 5. Bg2 Nf6 6. O-O Be7 7. b3 d6 8. Bb2
Nbd7 9. d4 cxd4 10. Qxd4 a6 11. Rfd1 Qc7 12. Rac1 O-O 13. Na4 Rfd8 14. Qf4 Rac8
15. Ba3 Nc5 16. Nxc5 dxc5 17. Qxc7 Rxc7 18. Ne5 Bxg2 19. Kxg2 Nd7 20. Nd3 Nf6
21. f3 Rcd7 22. Bb2 Ne8 23. h4 Bf6 24. Bxf6 Nxf6 25. Nb2 Rxd1 26. Rxd1 Rxd1 27.
Nxd1 Kf8 28. Nc3 Ke7 29. e4 Nd7 30. f4 Kd6 31. Kf3 Kc6 32. e5 b5 33. Ne4 bxc4
34. bxc4 Nb6 35. Nd6 f6 36. Ke4 f5+ 37. Kd3 h5 38. Kc3 a5 39. Nb5 1/2-1/2

[Event "Guernsey Open"]
[Site "Guernsey GCI"]
[Date "2008.10.20"]
[Round "2"]
[White "De Graaf, Arnoud"]
[Black "Simmons, Matthew"]
[Result "0-1"]
[WhiteElo "1785"]
[BlackElo "2067"]
[PlyCount "70"]
[EventDate "2008.10.19"]
[SourceDate "2006.10.28"]

1. Nf3 c5 2. c4 Nf6 3. Nc3 g6 4. g3 Bg7 5. Bg2 O-O 6. O-O Nc6 7. e3 d6 8. d4
Bg4 9. h3 cxd4 10. exd4 Bf5 11. a3 Rc8 12. Nh4 Bd7 13. b4 e5 14. Nb5 Ne8 15. c5
exd4 16. cxd6 d3 17. Rb1 a6 18. Nc7 Nxd6 19. Nd5 Ne5 20. Re1 Nf5 21. Bf4 Nxh4
22. gxh4 f6 23. Be3 Bc6 24. Qb3 Kh8 25. Bc5 Bb5 26. Nb6 Rxc5 27. bxc5 d2 28.
Red1 Bh6 29. Bxb7 Qd4 30. Qd5 Qxh4 31. Rxb5 axb5 32. Nd7 Nxd7 33. Qxd7 Qg5+ 34.
Bg2 Qxc5 35. Qd3 Re8 0-1

[Event "Guernsey Open"]
[Site "Guernsey GCI"]
[Date "2008.10.20"]
[Round "2"]
[White "Blijlevens, Pim"]
[Black "Thurlow, Kevin J"]
[Result "0-1"]
[WhiteElo "1849"]
[BlackElo "2062"]
[PlyCount "116"]
[EventDate "2008.10.19"]
[SourceDate "2006.10.28"]

1. d4 Nf6 2. Bg5 e6 3. e4 h6 4. Bxf6 Qxf6 5. Nf3 c5 6. c3 Nc6 7. e5 Qg6 8. Bd3
f5 9. exf6 Qxf6 10. h4 cxd4 11. Nxd4 e5 12. Qh5+ Kd8 13. Nxc6+ bxc6 14. Nd2 d5
15. Rd1 Kc7 16. O-O Bd6 17. c4 Ba6 18. Be2 g6 19. Qg4 h5 20. Qf3 Qxf3 21. Bxf3
e4 22. Be2 Rae8 23. Rfe1 e3 24. fxe3 Rxe3 25. Bf1 Rhe8 26. Rxe3 Rxe3 27. cxd5
Bxf1 28. Nxf1 Re2 29. dxc6 Rxb2 30. Rd2 Bc5+ 31. Kh2 Rb1 32. Ng3 Rb4 33. Kh3
Kxc6 34. Ne2 a5 35. g3 Rg4 36. Nf4 Bd6 37. Rd4 Bxf4 38. gxf4 Kb5 39. Re4 a4 40.
Rd4 a3 41. Re4 Rg1 42. Re6 Kc4 43. Rb6 Ra1 44. Rxg6 Rxa2 45. Rg5 Rb2 46. Rxh5
Rb5 47. Rh8 Ra5 48. Rc8+ Kd4 49. Rc1 a2 50. Ra1 Kc3 51. Kg4 Kb2 52. Rxa2+ Rxa2
53. f5 Kc3 54. f6 Kd4 55. Kf5 Kd5 56. h5 Rf2+ 57. Kg6 Ke6 58. h6 Rg2+ 0-1

[Event "Guernsey Open"]
[Site "Guernsey GCI"]
[Date "2008.10.20"]
[Round "2"]
[White "Von Saldern, Ruediger"]
[Black "Ruigrok, Jacques"]
[Result "0-1"]
[WhiteElo "2057"]
[BlackElo "1801"]
[PlyCount "62"]
[EventDate "2008.10.19"]
[SourceDate "2006.10.28"]

1. d4 Nf6 2. c4 e5 3. d5 Bb4+ 4. Bd2 Bxd2+ 5. Nxd2 d6 6. Qc2 c6 7. e4 cxd5 8.
exd5 Nbd7 9. Ngf3 O-O 10. Be2 a5 11. O-O Nc5 12. Nb3 b6 13. Nxc5 bxc5 14. Bd3
Re8 15. Nd2 g6 16. Rae1 Qb6 17. Kh1 Rb8 18. Rb1 Qd8 19. f4 Ng4 20. Rbe1 exf4
21. Rxe8+ Qxe8 22. Rxf4 Qe3 23. Rxg4 Bxg4 24. h3 Be2 25. Bxe2 Qxe2 26. Qc3 a4
27. b3 Qe1+ 28. Kh2 axb3 29. axb3 Re8 30. Qa5 Qe5+ 31. Kh1 Qb2 0-1

[Event "Guernsey Open"]
[Site "Guernsey GCI"]
[Date "2008.10.20"]
[Round "2"]
[White "Van Ingen, Ton"]
[Black "Paardekam, Rene"]
[Result "1/2-1/2"]
[WhiteElo "2051"]
[BlackElo "1784"]
[PlyCount "44"]
[EventDate "2008.10.19"]
[SourceDate "2006.10.28"]

1. d4 Nf6 2. Nf3 e6 3. c4 d5 4. Nc3 Be7 5. Bg5 O-O 6. e3 Nbd7 7. Rc1 h6 8. Bh4
a6 9. cxd5 exd5 10. Bd3 Re8 11. O-O c6 12. Bg3 Bb4 13. Nd2 Nf8 14. Qb3 Bd6 15.
Ne2 Qe7 16. Bxd6 Qxd6 17. h3 Ne6 18. Nf3 Rb8 19. Rc3 Ne4 20. Bxe4 dxe4 21. Ne5
Ng5 22. Nf4 Be6 1/2-1/2

[Event "Guernsey Open"]
[Site "Guernsey GCI"]
[Date "2008.10.20"]
[Round "2"]
[White "Gravett, Alan D"]
[Black "Cornelisse, Johnny JA"]
[Result "0-1"]
[WhiteElo "1948"]
[BlackElo "2203"]
[PlyCount "64"]
[EventDate "2008.10.19"]
[SourceDate "2006.10.28"]

1. g3 e5 2. Bg2 Nc6 3. c4 f5 4. d3 Nf6 5. Nc3 d6 6. Nh3 Be7 7. O-O O-O 8. Kh1
Qe8 9. f4 Ng4 10. Nd5 Bd8 11. Nf2 exf4 12. Nxg4 fxg4 13. e4 fxg3 14. hxg3 Ne5
15. Rxf8+ Kxf8 16. Bf4 c6 17. Ne3 Qh5+ 18. Kg1 Be7 19. Bxe5 dxe5 20. Qd2 Bc5
21. Rf1+ Kg8 22. Kf2 Be6 23. Rh1 Rf8+ 24. Ke2 Qg5 25. b4 Bd4 26. a4 Qe7 27. c5
a5 28. bxa5 Qxc5 29. Rh2 g6 30. Rh4 Bxe3 31. Qxe3 Qxe3+ 32. Kxe3 Ra8 0-1

[Event "Guernsey Open"]
[Site "Guernsey GCI"]
[Date "2008.10.20"]
[Round "2"]
[White "Prins, Jan"]
[Black "Morcom, Hugh C"]
[Result "1/2-1/2"]
[WhiteElo "2045"]
[BlackElo "1978"]
[PlyCount "70"]
[EventDate "2008.10.19"]
[SourceDate "2006.10.28"]

1. d4 g6 2. c4 Bg7 3. Nc3 f5 4. g3 d6 5. Bg2 c6 6. Nf3 Nh6 7. O-O Nf7 8. Re1
O-O 9. d5 e5 10. e4 c5 11. a3 Nd7 12. b4 b6 13. Ra2 f4 14. Nd2 g5 15. f3 fxg3
16. hxg3 Nf6 17. Nf1 g4 18. Be3 gxf3 19. Bxf3 Bh6 20. Rh2 Bxe3+ 21. Nxe3 Ng5
22. Bg2 Rf7 23. Rf1 Qf8 24. Nf5 Bxf5 25. Rxf5 h6 26. Qe2 a6 27. Bh3 Nxh3+ 28.
Rxh3 Raa7 29. Rh4 Qg7 30. Kh2 Qg6 31. g4 Rg7 32. Kh3 Raf7 33. Nd1 h5 34. Nf2
Nxg4 35. Rxf7 Qxf7 1/2-1/2

[Event "Guernsey Open"]
[Site "Guernsey GCI"]
[Date "2008.10.20"]
[Round "2"]
[White "Viviani, Primo"]
[Black "Ozanne, M."]
[Result "0-1"]
[WhiteElo "1939"]
[BlackElo "2042"]
[PlyCount "88"]
[EventDate "2008.10.19"]
[SourceDate "2006.10.28"]

1. c4 g6 2. Nc3 Bg7 3. g3 Nf6 4. Bg2 O-O 5. Nf3 d6 6. d4 c6 7. O-O Qa5 8. Nd2
Qh5 9. e3 Bg4 10. Bf3 Nbd7 11. Nce4 c5 12. Bxg4 Nxg4 13. Nf3 f5 14. Neg5 Nxh2
15. Nxh2 Qxg5 16. Nf3 Qg4 17. Kg2 cxd4 18. Rh1 Ne5 19. Nxd4 Qxd1 20. Rxd1 Nxc4
21. Ne6 Rfc8 22. Nxg7 Kxg7 23. b3 Nb6 24. Bb2+ Kf7 25. Rd2 Rc7 26. Rh1 h5 27.
a4 Rac8 28. Bd4 Nd7 29. e4 Nc5 30. Bxc5 Rxc5 31. Re2 Rc2 32. Ree1 fxe4 33. Rxe4
Rb2 34. Rhe1 e5 35. Rb4 b6 36. Rd1 Ke6 37. Rb5 Rc5 38. Rb4 Rcc2 39. a5 Rxf2+
40. Kh1 bxa5 41. Rb5 Rh2+ 42. Kg1 Rbg2+ 43. Kf1 Rh1+ 44. Kxg2 Rxd1 0-1